|
|
|
|
| LEADER |
00000nam a2200000 a 4500 |
| 005 |
2011083008058.0 |
| 008 |
100526s2010 sp 000 0 spa c |
| 020 |
|
|
|a 9788415000006
|
| 020 |
|
|
|a 8415000006
|
| 035 |
|
|
|a 5712
|
| 040 |
|
|
|d vLex
|
| 080 |
|
|
|a 368.4
|
| 090 |
|
|
|c 2296
|d 2296
|
| 245 |
0 |
3 |
|a La Seguridad Social en continuo cambio :
|b un anl̀isis jurisprudencial
|c Jordi Agust ̕Juli,̀ Josep Fargas Fernǹdez (coordinadores) ; Aurelio Desdentado Bonete ... [et al.]
|h [Recurso electrn̤ico] /
|
| 256 |
|
|
|a Servicio en ln̕ea.
|
| 260 |
|
|
|a Albacete :
|b Bomarzo,
|c 2010
|
| 300 |
|
|
|a 435 p. ;
|c 24 cm.
|
| 506 |
1 |
|
|a Contenido solo disponible en los productos indicados
|d vLex Global
|d vLex Global (Academic Edition, excluding Law Schools)
|d vLex Global (U.S. Academic Edition, Law Schools)
|d vLex Global (U.S. Academic Edition, excluding Law Schools)
|d vLex Global (Academic Edition, Law Schools)
|
| 650 |
0 |
4 |
|a Seguridad social
|z Espaą
|x Jurisprudencia
|
| 700 |
1 |
|
|a Agust ̕Juli,̉ J.
|
| 700 |
1 |
|
|a Fargas Fernǹdez, Josep
|
| 700 |
1 |
|
|a Desdentado Bonete, Aurelio
|
| 740 |
0 |
|
|a vLex Libros (Servicio en ln̕ea)
|
| 830 |
|
0 |
|a Estudios (Bomarzo)
|
| 856 |
4 |
0 |
|u http://vlex.com/source/seguridad-social-continuo-cambio-analisis-jurisprudencial-5712
|z Acceso restringido
|
| 942 |
|
|
|c BOOK
|